Normal view
MARC view
- Noise control
Entry Topical Term
001 - CONTROL NUMBER
- control field: 86883
003 - CONTROL NUMBER IDENTIFIER
- control field: NUST
005 - DATE AND TIME OF LATEST TRANSACTION
- control field: 20211221152625.0
008 - FIXED-LENGTH DATA ELEMENTS
- fixed length control field: 211221|| aca||aabn | a|a d
040 ## - CATALOGING SOURCE
- Original cataloging agency: NUST
- Transcribing agency: NUST
150 ## - HEADING--TOPICAL TERM
- Topical term or geographic name entry element: Noise control
670 ## - SOURCE DATA FOUND
- Source citation: Work cat.: (NUST)32178: Hansen, Colin H., 1951- 86881, Noise Control :, 2005.
